000 01022nam a2200205Ia 4500
001 10484
003 GE_BSU
008 181216s||||||||xx |||||||||||||| ||und||
040 _cGE_BSU
080 _a821.353.1–1
245 _aქართული პოეზია. 15 ტომად:ტ.12. XX საუკუნის პოეზია
245 _cსარედ.კოლ.გრიგოლ აბაშიძე.ან.კალანდაძე.მ.ლებანიძე და სხვ.ტომი შეადგინეს გივი გეგეჭკორმა.ემზარ კვიტაიშვილმა.ტარიელ ჭანტურიამ,მხატვ.დ.დუნდუა.რედ.აკ.ბრეგაძე
260 _aთბილისი
260 _bნაკადული
260 _c1982
300 _a799გვ.18სმ.
300 _eცნობარი გვ.770-780
653 _aქართული პოეზია
942 _cBK
999 _c43739
_d43739